Statistics for Most Common Immigrant Origin by Australian State or Territory

Click here to take the quiz!

General Stats

  • This quiz has been taken 48 times
  • The average score is 6 of 8

Answer Stats

# StatesCountry% Correct
5China
100%
6India
93%
1Philippines
87%
6New Zealand
80%
1South Africa
64%
7England
47%
1Italy
47%
1Scotland
44%

Score Distribution

Percentile by Number Answered

Percent of People with Each Score

Your Score History

You have not taken this quiz